Teaching pupils with learning difficulties : strategies and solutions

Αποθηκεύτηκε σε:
Λεπτομέρειες βιβλιογραφικής εγγραφής
Κύριος συγγραφέας: Farrell, Peter
Μορφή: Βιβλίο
Γλώσσα:English
Δημοσίευση: London : Cassell, 1997
Σειρά:Introduction to education (New York, N.Y.)
Θέματα:
Ετικέτες: Προσθήκη ετικέτας
Δεν υπάρχουν, Καταχωρήστε ετικέτα πρώτοι!

MARC

LEADER 00000nam a2200000 i 4500
001 1/83454
008 990603s1997 eng d
020 |a 0-304-33126-0 
035 |l 10051352 
040 |a GR-MY-UA  |b gre  |e aacr 
041 0 |a eng 
082 0 |a 371.926 
100 1 |a Farrell, Peter. 
245 1 0 |a Teaching pupils with learning difficulties :  |b strategies and solutions /  |c Peter Farrell 
260 |a London :   |b Cassell,   |c 1997 
300 |a 194 p. 
490 1 |a Introduction to education (New York, N.Y.) 
650 0 0 |a Learning disabled children  |x Education  |z Great Britain. 
830 0 |a Introduction to education (New York, N.Y.) 
852 |a INST  |b RHODES  |e 19990603  |h 371.926 FAR  |p 005400015181  |q 005400015181  |t BK  |y 0 
901 |a BIBL4-1999-2 
909 |a Ρ  |b 065255  |c 1999 
922 |a 4ΕΛΗ  |b 199903  |d LEADER